| 000 | 00523nam a2200193 a 4500 | ||
|---|---|---|---|
| 005 | 20210219153245.0 | ||
| 008 | 991125n 000 0 spa u | ||
| 035 | _aUPN01000086345 | ||
| 100 | _aGUILLEMET, Serge | ||
| 222 | _aCORREO DE LA UNESCO | ||
| 245 | _aLuis Braille, lazarillo de los ciegos del mundo | ||
| 300 | _a26 | ||
| 362 | _a1981 Vol. 34, no. 1, ene. | ||
| 653 | 0 | _aBRAILLE, LUIS, 1809-1852 | |
| 653 | 0 |
_aCIEGOS - _xEDUCACION |
|
| 653 | 0 | _aSISTEMA BRAILLE | |
| 904 |
_aAC _b024156 |
||
| 905 | _aArticulo | ||
| 999 |
_c72282 _d72282 |
||